| 000 | 00523nam a2200217 a 4500 | ||
|---|---|---|---|
| 999 |
_c4013 _d4013 |
||
| 001 | 4013 | ||
| 003 | BD-JhCC | ||
| 005 | 20180306173503.0 | ||
| 008 | 171120s19571965enka|||| ||a| 000 0 eng d | ||
| 035 | _a(BD-JhCC)4013 | ||
| 040 |
_aBD-JhCC _dBD-JhCC |
||
| 041 | _aeng | ||
| 082 |
_2813.4 _aALC 1959 |
||
| 100 | _aAlcott, Louisa M. | ||
| 245 |
_aLittle women / _cLouisa M. Alcott |
||
| 260 |
_aLONDON : _bLONGMANS, _c1959. |
||
| 300 |
_a143 p. : _c19 cm. |
||
| 650 | _aWOMEN FICTION | ||
| 942 |
_2ddc _cBK |
||